| 000 | 00518nmc a2200193 a 4500 | ||
|---|---|---|---|
| 003 | AR-X00000XY | ||
| 005 | 20251128212031.0 | ||
| 008 | 197020s1944 ||||||||||||||000 | spa|| | ||
| 040 | _cAR-X00000XY | ||
| 100 | 1 | _aPaulhan, Jean | |
| 245 | 1 | 0 | _aClef de la poésie |
| 260 |
_aParis _bGallimard _c1944 |
||
| 300 | 0 | _a94 p. | |
| 490 | 0 |
_aCollection Métamorphoses _v21 |
|
| 500 | 0 | _a[Contiene una nota manuscrita de Alejantra Pizarnik en una hoja suelta] | |
| 655 | _aLITERATURA | ||
| 942 | _cBK | ||
| 998 | _cmartin | ||
| 999 |
_c22175 _d22175 |
||